Central Library OPAC University of Rajshahi

The sacred journey : (Record no. 32384)

MARC details
000 -LEADER
fixed length control field 00925nam a22002531 4500
001 - CONTROL NUMBER
control field 32384
003 - CONTROL NUMBER IDENTIFIER
rucl marc code BD-RjUL
005 - DATE AND TIME OF LATEST TRANSACTION
control field 20211209051828.0
008 - FIXED-LENGTH DATA ELEMENTS--GENERAL INFORMATION
fixed length control field 140426s1961 enk 000 0 eng d
035 ## - SYSTEM CONTROL NUMBER
System control number (BD-RjUL)32473
System control number (OCoLC)543174
040 ## - CATALOGING SOURCE
Original cataloging agency DLC
Transcribing agency OAU
Modifying agency OCoLC
-- DLC
-- BD-RjUL
Language of cataloging eng
041 ## - LANGUAGE CODE
Language code of text/sound track or separate title eng
082 04 - DEWEY DECIMAL CLASSIFICATION NUMBER
Classification number 297.38
Author mark and year KAS 1961
100 1# - MAIN ENTRY--PERSONAL NAME
Personal name Kamal, Ahmad,
Dates associated with a name 1914-
9 (RLIN) 98526
245 14 - TITLE STATEMENT
Title The sacred journey :
Remainder of title being pilgrimage to Makkah; the traditions, dogma and Islamic ritual that govern the lives and the destiny of more than five hundred million who call themselves Muslim: one seventh of mankind.
Statement of responsibility, etc. Ahmad Kamal.
260 ## - PUBLICATION, DISTRIBUTION, ETC. (IMPRINT)
Place of publication, distribution, etc. London :
Name of publisher, distributor, etc. George Allen & Unwin Ltd.,
Date of publication, distribution, etc. 1961.
300 ## - PHYSICAL DESCRIPTION
Pagination xx, 108, 115, 9 p. ;
Size 22 cm.
650 #0 - SUBJECT ADDED ENTRY--TOPICAL TERM
Topical term or geographic name as entry element Pilgrims and pilgrimages
Geographic subdivision Saudi Arabia
-- Mecca.
9 (RLIN) 98527
942 ## - ADDED ENTRY ELEMENTS (KOHA)
Source of classification or shelving scheme Dewey Decimal Classification
Koha item type Books
Holdings
Lost status Source of classification or shelving scheme Damaged status Not for loan Collection code Permanent Location Current Location Shelving location Date acquired Source of acquisition Cost, normal purchase price Total Checkouts Full call number Date last seen Copy number Koha item type
  Dewey Decimal Classification   Not For Loan Non-fiction Central Library, University of Rajshahi Central Library, University of Rajshahi Reading Room 27/08/1969 Zeitlinger 25.00   297.38 KAS 1961 26/04/2014 C-1 Books